[Event "Bundesliga 9798"]
[Site "Deutschland"]
[Date "1997.??.??"]
[Round "?.8"]
[White "Rudolf, Henrik"]
[Black "Kummerow, Heiko"]
[Result "1/2-1/2"]
[WhiteElo "2280"]
[BlackElo "2300"]
[PlyCount "50"]
[EventDate "1997.10.??"]
[EventType "team"]
[EventRounds "15"]
[EventCountry "GER"]
[SourceTitle "Bundesliga 9798"]
[Source "DeepChess"]
[SourceDate "2005.01.01"]
[SourceVersion "1"]
[SourceVersionDate "2005.01.01"]
[SourceQuality "1"]
[WhiteTeam "SF Neukoelln 03 e.V."]
[BlackTeam "SC Anderssen St.Ingbert 1920 e.V."]
[WhiteTeamCountry "GER"]
[BlackTeamCountry "GER"]

1. e4 e6 2. d4 d5 3. Nc3 Bb4 4. e5 c5 5. a3 Bxc3+ 6. bxc3 Ne7 7. h4 Nbc6 8. h5
Qa5 9. Bd2 h6 10. Qg4 Bd7 11. Qxg7 O-O-O 12. dxc5 Qxc5 13. Nf3 d4 14. c4 Nf5
15. Qf6 Rhg8 16. Rh2 Na5 17. Bb4 Qc7 18. Nh4 Nxc4 19. Nxf5 exf5 20. O-O-O Nxe5
21. Bd6 Qc3 22. Qxe5 Qa1+ 23. Kd2 Qc3+ 24. Kc1 Qa1+ 25. Kd2 Qc3+ 1/2-1/2

[Event "Bundesliga 9798"]
[Site "Deutschland"]
[Date "1998.??.??"]
[Round "?.2"]
[White "Sadler, Matthew"]
[Black "Giorgadze, Giorgi"]
[Result "1/2-1/2"]
[WhiteElo "2665"]
[BlackElo "2625"]
[PlyCount "35"]
[EventDate "1997.10.??"]
[EventType "team"]
[EventRounds "15"]
[EventCountry "GER"]
[SourceTitle "Bundesliga 9798"]
[Source "DeepChess"]
[SourceDate "2005.01.01"]
[SourceVersion "1"]
[SourceVersionDate "2005.01.01"]
[SourceQuality "1"]
[WhiteTeam "SG 1868 Aljech. Solingen"]
[BlackTeam "SC Anderssen St.Ingbert 1920 e.V."]
[WhiteTeamCountry "GER"]
[BlackTeamCountry "GER"]

1. d4 d5 2. c4 e6 3. Nc3 Be7 4. cxd5 exd5 5. Bf4 Nf6 6. e3 O-O 7. Bd3 c5 8.
Nge2 Nc6 9. dxc5 Bxc5 10. O-O d4 11. exd4 Nxd4 12. Nxd4 Qxd4 13. Qf3 Bg4 14.
Qg3 Rfd8 15. Be2 Bd6 16. Bxd6 Qxd6 17. Qh4 Qd7 18. h3 1/2-1/2

[Event "Bundesliga 9798"]
[Site "Deutschland"]
[Date "1998.??.??"]
[Round "?.3"]
[White "Bauer, Christian"]
[Black "Piket, Jeroen"]
[Result "1/2-1/2"]
[WhiteElo "2525"]
[BlackElo "2630"]
[PlyCount "70"]
[EventDate "1997.10.??"]
[EventType "team"]
[EventRounds "15"]
[EventCountry "GER"]
[SourceTitle "Bundesliga 9798"]
[Source "DeepChess"]
[SourceDate "2005.01.01"]
[SourceVersion "1"]
[SourceVersionDate "2005.01.01"]
[SourceQuality "1"]
[WhiteTeam "SC Anderssen St.Ingbert 1920 e.V."]
[BlackTeam "SG 1868 Aljech. Solingen"]
[WhiteTeamCountry "GER"]
[BlackTeamCountry "GER"]

1. d4 Nf6 2. c4 e6 3. Nf3 d5 4. g3 dxc4 5. Bg2 c5 6. O-O Nc6 7. dxc5 Qxd1 8.
Rxd1 Bxc5 9. Nbd2 c3 10. bxc3 Bd7 11. Rb1 O-O-O 12. Nd4 e5 13. Nxc6 Bxc6 14.
Bxc6 bxc6 15. Bb2 Rd7 16. Nc4 Rhd8 17. Rxd7 Nxd7 18. Kg2 f6 19. Rd1 Kc7 20. e4
Rb8 21. Rd2 Nb6 22. Na5 Na4 23. Nc4 Rb5 24. Rc2 Be7 25. Ba3 Bxa3 26. Nxa3 Ra5
27. Kf3 Nb6 28. Nb1 Nc4 29. Nd2 Na3 30. Rb2 Nb5 31. Nb1 Ra4 32. Rc2 Nd6 33. Nd2
Ra3 34. Ke3 Nb5 35. Nb1 Ra4 1/2-1/2

[Event "Bundesliga 9798"]
[Site "Deutschland"]
[Date "1998.??.??"]
[Round "?.4"]
[White "Gabriel, Christian"]
[Black "Martinovic, Slobodan"]
[Result "1-0"]
[WhiteElo "2575"]
[BlackElo "2470"]
[PlyCount "77"]
[EventDate "1997.10.??"]
[EventType "team"]
[EventRounds "15"]
[EventCountry "GER"]
[SourceTitle "Bundesliga 9798"]
[Source "DeepChess"]
[SourceDate "2005.01.01"]
[SourceVersion "1"]
[SourceVersionDate "2005.01.01"]
[SourceQuality "1"]
[WhiteTeam "SG 1868 Aljech. Solingen"]
[BlackTeam "SC Anderssen St.Ingbert 1920 e.V."]
[WhiteTeamCountry "GER"]
[BlackTeamCountry "GER"]

1. d4 Nf6 2. c4 g6 3. Nc3 Bg7 4. e4 d6 5. Nf3 Bg4 6. Be2 O-O 7. Be3 Nfd7 8. h4
e5 9. d5 a5 10. Rb1 b6 11. a3 Nf6 12. Ng1 Bxe2 13. Ngxe2 Ng4 14. Bg5 f6 15. Bc1
h5 16. f3 Nh6 17. Be3 Nd7 18. Qd2 Kh7 19. b4 axb4 20. axb4 f5 21. Bg5 Qe8 22.
O-O f4 23. Nb5 Qc8 24. Ra1 Qb7 25. Qb2 Bf6 26. Rxa8 Rxa8 27. Bxf6 Nxf6 28. Nxf4
c6 29. dxc6 Qxc6 30. Nh3 Qxc4 31. Nxd6 Qd4+ 32. Qxd4 exd4 33. Rd1 Nd7 34. Rxd4
Ne5 35. Nc4 Nc6 36. Rd7+ Kg8 37. b5 Ra1+ 38. Kh2 Na7 39. Nd6 1-0

[Event "Bundesliga 9798"]
[Site "Deutschland"]
[Date "1998.??.??"]
[Round "?.6"]
[White "Becker, Marc"]
[Black "Chandler, Murray G"]
[Result "1/2-1/2"]
[WhiteElo "2430"]
[BlackElo "2555"]
[PlyCount "43"]
[EventDate "1997.10.??"]
[EventType "team"]
[EventRounds "15"]
[EventCountry "GER"]
[SourceTitle "Bundesliga 9798"]
[Source "DeepChess"]
[SourceDate "2005.01.01"]
[SourceVersion "1"]
[SourceVersionDate "2005.01.01"]
[SourceQuality "1"]
[WhiteTeam "SC Anderssen St.Ingbert 1920 e.V."]
[BlackTeam "SG 1868 Aljech. Solingen"]
[WhiteTeamCountry "GER"]
[BlackTeamCountry "GER"]

1. e4 e5 2. Nf3 Nc6 3. Bb5 a6 4. Ba4 Nf6 5. O-O Bc5 6. Bxc6 dxc6 7. d3 Qe7 8.
Be3 Bg4 9. Nbd2 Nd7 10. Bxc5 Nxc5 11. Nc4 f6 12. Ne3 Bh5 13. Nf5 Qd7 14. Ng3
Bxf3 15. Qxf3 Ne6 16. Ne2 c5 17. Qh5+ g6 18. Qh6 O-O-O 19. Rac1 Kb8 20. Qe3 g5
21. Nc3 Qd6 22. a3 1/2-1/2

[Event "Bundesliga 9798"]
[Site "Deutschland"]
[Date "1998.??.??"]
[Round "?.7"]
[White "Gross, Georg"]
[Black "Bischoff, Klaus"]
[Result "0-1"]
[WhiteElo "2360"]
[BlackElo "2535"]
[PlyCount "78"]
[EventDate "1997.10.??"]
[EventType "team"]
[EventRounds "15"]
[EventCountry "GER"]
[SourceTitle "Bundesliga 9798"]
[Source "DeepChess"]
[SourceDate "2005.01.01"]
[SourceVersion "1"]
[SourceVersionDate "2005.01.01"]
[SourceQuality "1"]
[WhiteTeam "SC Anderssen St.Ingbert 1920 e.V."]
[BlackTeam "SG 1868 Aljech. Solingen"]
[WhiteTeamCountry "GER"]
[BlackTeamCountry "GER"]

1. d4 Nf6 2. g3 c5 3. Bg2 cxd4 4. Nf3 Qa5+ 5. Nbd2 Nc6 6. O-O e5 7. Nb3 Qc7 8.
e3 dxe3 9. Bxe3 Be7 10. Re1 O-O 11. c4 d6 12. Ng5 h6 13. Ne4 Be6 14. Rc1 Ng4
15. Qe2 Nxe3 16. fxe3 f5 17. Nc3 e4 18. Bh3 Bd7 19. Rf1 Rac8 20. Kh1 Ne5 21.
Nd5 Qd8 22. Nd4 g6 23. b3 Bf6 24. Rcd1 Bg7 25. Qb2 Rc5 26. Qb1 Qe8 27. a4 a6
28. Qa2 Kh7 29. Rd2 Nd3 30. b4 Rc8 31. Nb6 Rd8 32. Nc2 Be6 33. b5 axb5 34. axb5
Qxb5 35. cxb5 Bxa2 36. Ne1 Nb4 37. g4 fxg4 38. Rxf8 Rxf8 39. Bg2 d5 0-1

[Event "Bundesliga 9798"]
[Site "Deutschland"]
[Date "1998.??.??"]
[Round "?.8"]
[White "Lau, Ralf"]
[Black "Kummerow, Heiko"]
[Result "1/2-1/2"]
[WhiteElo "2495"]
[BlackElo "2300"]
[PlyCount "68"]
[EventDate "1997.10.??"]
[EventType "team"]
[EventRounds "15"]
[EventCountry "GER"]
[SourceTitle "Bundesliga 9798"]
[Source "DeepChess"]
[SourceDate "2005.01.01"]
[SourceVersion "1"]
[SourceVersionDate "2005.01.01"]
[SourceQuality "1"]
[WhiteTeam "SG 1868 Aljech. Solingen"]
[BlackTeam "SC Anderssen St.Ingbert 1920 e.V."]
[WhiteTeamCountry "GER"]
[BlackTeamCountry "GER"]

1. e4 e6 2. d4 d5 3. Nc3 Bb4 4. exd5 exd5 5. Bd3 Nc6 6. a3 Ba5 7. Be3 Nge7 8.
Qf3 Be6 9. Nge2 Qd7 10. b4 Bb6 11. b5 Na5 12. O-O c6 13. bxc6 bxc6 14. h3 Bf5
15. Bf4 Bxd3 16. Qxd3 O-O 17. Na4 Nc4 18. Bh2 Rfe8 19. Nc1 Nf5 20. Nb3 Nfd6 21.
Nac5 Bxc5 22. Nxc5 Qe7 23. Bxd6 Qxd6 24. Rfe1 Re7 25. Re2 Rae8 26. Rae1 g6 27.
a4 Rxe2 28. Rxe2 Rxe2 29. Qxe2 Qf4 30. Qe8+ Kg7 31. Qe7 Qc1+ 32. Kh2 Qf4+ 33.
Kg1 Qc1+ 34. Kh2 Qf4+ 1/2-1/2

[Event "Bundesliga 9798"]
[Site "Deutschland"]
[Date "1998.??.??"]
[Round "?.1"]
[White "Dautov, Rustem"]
[Black "Alterman, Boris"]
[Result "1-0"]
[WhiteElo "2595"]
[BlackElo "2615"]
[PlyCount "133"]
[EventDate "1997.10.??"]
[EventType "team"]
[EventRounds "15"]
[EventCountry "GER"]
[SourceTitle "Bundesliga 9798"]
[Source "DeepChess"]
[SourceDate "2005.01.01"]
[SourceVersion "1"]
[SourceVersionDate "2005.01.01"]
[SourceQuality "1"]
[WhiteTeam "SC Anderssen St.Ingbert 1920 e.V."]
[BlackTeam "SG Bochum 31"]
[WhiteTeamCountry "GER"]
[BlackTeamCountry "GER"]

1. d4 Nf6 2. Nf3 e6 3. c4 b6 4. g3 Ba6 5. b3 Bb4+ 6. Bd2 Be7 7. Bg2 c6 8. Bc3
d5 9. Ne5 Nfd7 10. Nxd7 Nxd7 11. Nd2 O-O 12. O-O Rc8 13. e4 c5 14. exd5 exd5
15. dxc5 dxc4 16. c6 cxb3 17. Re1 b2 18. Bxb2 Nc5 19. Ba3 Bf6 20. Rc1 Bg5 21.
Rc2 Bb5 22. Nb3 Qxd1 23. Rxd1 Bxc6 24. Nxc5 Bxg2 25. Kxg2 Be7 26. Rdc1 Rfe8 27.
Rc3 bxc5 28. Bxc5 Bxc5 29. Rxc5 Rxc5 30. Rxc5 g6 31. Rc7 Re2 32. Rxa7 h5 33.
Kf3 Rc2 34. h4 Kg7 35. Ra6 Rb2 36. Ke3 Rc2 37. Ra4 Rb2 38. f3 Rc2 39. Ra6 Rb2
40. Ra8 Kf6 41. Ra4 Kg7 42. Ra6 Rc2 43. a4 Ra2 44. Ke4 Ra3 45. Ra8 Kf6 46. Ra6+
Kg7 47. a5 Ra4+ 48. Kd5 Ra3 49. Kc6 Rc3+ 50. Kb7 Ra3 51. f4 Ra1 52. Ra8 Kf6 53.
a6 Kf5 54. Rf8 Rb1+ 55. Ka7 f6 56. Rb8 Re1 57. Rb3 Kg4 58. Kb6 Re6+ 59. Ka5 Re7
60. Ra3 g5 61. fxg5 fxg5 62. hxg5 Re5+ 63. Kb6 Rxg5 64. a7 Rg8 65. Rc3 Rg6+ 66.
Kb7 Rg7+ 67. Kb8 1-0

[Event "Bundesliga 9798"]
[Site "Deutschland"]
[Date "1998.??.??"]
[Round "?.2"]
[White "Keitlinghaus, Ludger"]
[Black "Giorgadze, Giorgi"]
[Result "1/2-1/2"]
[WhiteElo "2525"]
[BlackElo "2625"]
[PlyCount "57"]
[EventDate "1997.10.??"]
[EventType "team"]
[EventRounds "15"]
[EventCountry "GER"]
[SourceTitle "Bundesliga 9798"]
[Source "DeepChess"]
[SourceDate "2005.01.01"]
[SourceVersion "1"]
[SourceVersionDate "2005.01.01"]
[SourceQuality "1"]
[WhiteTeam "SG Bochum 31"]
[BlackTeam "SC Anderssen St.Ingbert 1920 e.V."]
[WhiteTeamCountry "GER"]
[BlackTeamCountry "GER"]

1. e4 e5 2. Nf3 Nc6 3. Nc3 Nf6 4. Bb5 Nd4 5. Nxd4 exd4 6. e5 dxc3 7. exf6 Qxf6
8. dxc3 Qe5+ 9. Qe2 Qxe2+ 10. Kxe2 c6 11. Bd3 d5 12. c4 Be6 13. cxd5 Bxd5 14.
f3 Bd6 15. Kf2 O-O-O 16. Re1 h5 17. h4 Be6 18. b3 Bb4 19. Re2 Bc3 20. Rb1 a5
21. a4 Rd7 22. Bb2 Bxb2 23. Rxb2 Kc7 24. Rb1 Rd4 25. g3 b6 26. Re3 Rhd8 27. Re5
R4d5 28. Rxd5 Rxd5 29. Ra1 1/2-1/2

[Event "Bundesliga 9798"]
[Site "Deutschland"]
[Date "1998.??.??"]
[Round "?.3"]
[White "Bauer, Christian"]
[Black "Bosch, Jeroen"]
[Result "1/2-1/2"]
[WhiteElo "2525"]
[BlackElo "2405"]
[PlyCount "101"]
[EventDate "1997.10.??"]
[EventType "team"]
[EventRounds "15"]
[EventCountry "GER"]
[SourceTitle "Bundesliga 9798"]
[Source "DeepChess"]
[SourceDate "2005.01.01"]
[SourceVersion "1"]
[SourceVersionDate "2005.01.01"]
[SourceQuality "1"]
[WhiteTeam "SC Anderssen St.Ingbert 1920 e.V."]
[BlackTeam "SG Bochum 31"]
[WhiteTeamCountry "GER"]
[BlackTeamCountry "GER"]

1. e4 c5 2. Nf3 g6 3. d4 cxd4 4. Nxd4 Nc6 5. c4 Nf6 6. Nc3 d6 7. Nc2 Bg7 8. Be2
O-O 9. O-O Nd7 10. Be3 Bxc3 11. bxc3 Nc5 12. f3 Qa5 13. Bd2 Be6 14. Ne3 Rac8
15. Kh1 f6 16. Nd5 Rf7 17. Qb1 Qa6 18. Qb5 Ne5 19. Ne3 Qxb5 20. cxb5 Na4 21.
Rfc1 Nc4 22. Bxc4 Bxc4 23. Rab1 Nb6 24. Rb4 Be6 25. g4 Rff8 26. a4 Rc5 27. a5
Nc4 28. Nxc4 Rxc4 29. Be3 Rfc8 30. Rcb1 Rxb4 31. cxb4 Bd7 32. Bxa7 Bxb5 33. Kg2
Kf7 34. Rb2 Ke6 35. Kg3 Rc4 36. Be3 Rc3 37. Kf2 f5 38. exf5+ gxf5 39. h3 Rc4
40. Bg5 fxg4 41. hxg4 Kd7 42. Kg3 Rc3 43. Kf2 e5 44. Rd2 Ke6 45. f4 exf4 46.
Bxf4 d5 47. Be3 Rc4 48. Rd4 Ke5 49. Rxc4 dxc4 50. Ke2 Ke4 51. Bh6 1/2-1/2

[Event "Bundesliga 9798"]
[Site "Deutschland"]
[Date "1998.??.??"]
[Round "?.4"]
[White "Ellers, Holger"]
[Black "Kachiani Gersinska, Ketino"]
[Result "1/2-1/2"]
[WhiteElo "2405"]
[BlackElo "2415"]
[PlyCount "111"]
[EventDate "1997.10.??"]
[EventType "team"]
[EventRounds "15"]
[EventCountry "GER"]
[SourceTitle "Bundesliga 9798"]
[Source "DeepChess"]
[SourceDate "2005.01.01"]
[SourceVersion "1"]
[SourceVersionDate "2005.01.01"]
[SourceQuality "1"]
[WhiteTeam "SG Bochum 31"]
[BlackTeam "SC Anderssen St.Ingbert 1920 e.V."]
[WhiteTeamCountry "GER"]
[BlackTeamCountry "GER"]

1. d4 Nf6 2. Nf3 g6 3. c4 Bg7 4. g3 O-O 5. Bg2 d6 6. Nc3 Nc6 7. d5 Na5 8. b3 c5
9. Bb2 a6 10. O-O Rb8 11. Nd2 b5 12. Qc2 e5 13. Rae1 Bf5 14. e4 Bd7 15. Nd1 Nh5
16. f4 bxc4 17. bxc4 Rxb2 18. Nxb2 exf4 19. Rxf4 Nxf4 20. gxf4 Qf6 21. Nd3 Qc3
22. Rc1 Bd4+ 23. Kf1 Qxc2 24. Rxc2 Re8 25. Rc1 f6 26. Bf3 Bh3+ 27. Ke2 Rb8 28.
Rc2 Bd7 29. Rc1 Bh3 30. Rc2 Kf7 31. Rc1 Ke7 32. Rc2 h5 33. Rc1 h4 34. Bh1 Bg4+
35. Nf3 g5 36. fxg5 fxg5 37. Kd2 Bg7 38. Ke2 Bh5 39. h3 Bh6 40. Rc2 Rb1 41. Bg2
g4 42. hxg4 Bxg4 43. Nf2 Bh5 44. Bh3 Rg1 45. e5 Bxf3+ 46. Kxf3 Rg3+ 47. Ke2
Re3+ 48. Kf1 Rxe5 49. Bc8 Bf4 50. Bxa6 Bg3 51. Nd3 Re3 52. Re2 Rxe2 53. Kxe2 h3
54. Kf3 h2 55. Kg2 Kf6 56. Nc1 1/2-1/2

[Event "Bundesliga 9798"]
[Site "Deutschland"]
[Date "1998.??.??"]
[Round "?.5"]
[White "Werner, Dimo"]
[Black "Buenermann, Volker"]
[Result "1/2-1/2"]
[WhiteElo "2420"]
[BlackElo "2320"]
[PlyCount "47"]
[EventDate "1997.10.??"]
[EventType "team"]
[EventRounds "15"]
[EventCountry "GER"]
[SourceTitle "Bundesliga 9798"]
[Source "DeepChess"]
[SourceDate "2005.01.01"]
[SourceVersion "1"]
[SourceVersionDate "2005.01.01"]
[SourceQuality "1"]
[WhiteTeam "SC Anderssen St.Ingbert 1920 e.V."]
[BlackTeam "SG Bochum 31"]
[WhiteTeamCountry "GER"]
[BlackTeamCountry "GER"]

1. Nf3 Nf6 2. g3 g6 3. Bg2 Bg7 4. O-O O-O 5. d3 d6 6. e4 c5 7. Re1 Nc6 8. c3 e5
9. h3 Re8 10. a3 h6 11. b4 cxb4 12. axb4 Be6 13. b5 Na5 14. c4 Nd7 15. Bd2 b6
16. Bxa5 bxa5 17. Nfd2 a6 18. Nc3 axb5 19. Nxb5 Nc5 20. Nb3 Nxb3 21. Qxb3 Qb6
22. Reb1 Reb8 23. Qc2 Bf6 24. h4 1/2-1/2

[Event "Bundesliga 9798"]
[Site "Deutschland"]
[Date "1998.??.??"]
[Round "?.6"]
[White "Kitte, Sebastian"]
[Black "Becker, Marc"]
[Result "0-1"]
[WhiteElo "2305"]
[BlackElo "2430"]
[PlyCount "88"]
[EventDate "1997.10.??"]
[EventType "team"]
[EventRounds "15"]
[EventCountry "GER"]
[SourceTitle "Bundesliga 9798"]
[Source "DeepChess"]
[SourceDate "2005.01.01"]
[SourceVersion "1"]
[SourceVersionDate "2005.01.01"]
[SourceQuality "1"]
[WhiteTeam "SG Bochum 31"]
[BlackTeam "SC Anderssen St.Ingbert 1920 e.V."]
[WhiteTeamCountry "GER"]
[BlackTeamCountry "GER"]

1. d4 Nf6 2. c4 e6 3. Nc3 Bb4 4. e3 b6 5. Nge2 Ba6 6. a3 Bxc3+ 7. Nxc3 d5 8. b3
O-O 9. Bd3 Nc6 10. cxd5 Bxd3 11. Qxd3 exd5 12. O-O Re8 13. Ne2 Qd7 14. Ra2 Nd8
15. Rc2 Ne6 16. Bb2 c5 17. Qd1 Ne4 18. dxc5 N4xc5 19. Rd2 Rad8 20. Nd4 Nxd4 21.
Rxd4 Re4 22. b4 Ne6 23. Rd3 Qc6 24. Qd2 Rc4 25. Rc1 Rc8 26. Rcc3 b5 27. f3 h6
28. Ba1 Qc7 29. Bb2 d4 30. Rb3 Rc2 31. Qe1 dxe3 32. Qxe3 Nf4 33. Rd2 Qc4 34.
Rxc2 Qxc2 35. Qxf4 Qxb3 36. Qd4 f6 37. h3 a6 38. Kh2 Qc4 39. Qe3 Qc7+ 40. f4
Qc6 41. Qb3+ Qc4 42. Qg3 Qe6 43. Qd3 Re8 44. Qg3 Qf5 0-1

[Event "Bundesliga 9798"]
[Site "Deutschland"]
[Date "1998.??.??"]
[Round "?.7"]
[White "Kummerow, Heiko"]
[Black "De Gleria, Francesco"]
[Result "0-1"]
[WhiteElo "2300"]
[BlackElo "2235"]
[PlyCount "130"]
[EventDate "1997.10.??"]
[EventType "team"]
[EventRounds "15"]
[EventCountry "GER"]
[SourceTitle "Bundesliga 9798"]
[Source "DeepChess"]
[SourceDate "2005.01.01"]
[SourceVersion "1"]
[SourceVersionDate "2005.01.01"]
[SourceQuality "1"]
[WhiteTeam "SC Anderssen St.Ingbert 1920 e.V."]
[BlackTeam "SG Bochum 31"]
[WhiteTeamCountry "GER"]
[BlackTeamCountry "GER"]

1. e4 c5 2. Nf3 d6 3. d4 cxd4 4. Nxd4 Nf6 5. Nc3 Nc6 6. Bg5 e6 7. Qd2 a6 8.
O-O-O h6 9. Be3 Be7 10. f4 Nxd4 11. Bxd4 b5 12. Qe3 Qc7 13. e5 dxe5 14. fxe5
Nd7 15. Ne4 Bb7 16. Nd6+ Qxd6 17. exd6 Bg5 18. Qxg5 hxg5 19. Bxg7 Rh7 20. Bd4
f5 21. b3 Kf7 22. c4 Rc8 23. Kb2 bxc4 24. bxc4 e5 25. Bf2 Ke6 26. Ka1 Nc5 27.
Be2 Ne4 28. Be3 Nc3 29. Rd2 Nxe2 30. Rxe2 Rxc4 31. Bxg5 Rg4 32. Be7 Rxg2 33.
Rxe5+ Kxe5 34. Re1+ Be4 35. d7 Rd2 36. d8=Q Rxd8 37. Bxd8 f4 38. Re2 Rb7 39. a4
f3 40. Rf2 Rb4 41. a5 Kd4 42. Ka2 Bd5+ 43. Ka1 Kc3 44. Bf6+ Kd3 45. Bd8 Kc3 46.
Bf6+ Kc4 47. Bd8 Kd3 48. Bc7 Be4 49. Bd8 Rd4 50. Bb6 Ra4+ 51. Kb2 Rb4+ 52. Ka3
Kc3 53. Bd8 Rb3+ 54. Ka2 Bd5 55. Bf6+ Kb4 56. Bd8 Bc4 57. Bb6 Be2 58. Bd8 Rd3
59. Bg5 Rd5 60. h4 Kc3 61. Bf6+ Kc2 62. Ka3 Rxa5+ 63. Kb4 Rb5+ 64. Ka4 Kd3 65.
Rh2 Rf5 0-1

[Event "Bundesliga 9798"]
[Site "Deutschland"]
[Date "1998.??.??"]
[Round "?.8"]
[White "Senff, Martin"]
[Black "Jung, Karl Otto"]
[Result "1-0"]
[WhiteElo "2415"]
[BlackElo "2195"]
[PlyCount "75"]
[EventDate "1997.10.??"]
[EventType "team"]
[EventRounds "15"]
[EventCountry "GER"]
[SourceTitle "Bundesliga 9798"]
[Source "DeepChess"]
[SourceDate "2005.01.01"]
[SourceVersion "1"]
[SourceVersionDate "2005.01.01"]
[SourceQuality "1"]
[WhiteTeam "SG Bochum 31"]
[BlackTeam "SC Anderssen St.Ingbert 1920 e.V."]
[WhiteTeamCountry "GER"]
[BlackTeamCountry "GER"]

1. e4 c5 2. Nf3 Nc6 3. d4 cxd4 4. Nxd4 g6 5. c4 Bg7 6. Be3 Nf6 7. Nc3 Ng4 8.
Qxg4 Nxd4 9. Qd1 e5 10. Qd2 O-O 11. Nb5 Qe7 12. Bd3 Nxb5 13. cxb5 d5 14. exd5
Rd8 15. Bc4 b6 16. O-O Bb7 17. Rfd1 Rd6 18. a4 Rad8 19. a5 Qd7 20. axb6 axb6
21. Ra7 Qc8 22. b3 Qb8 23. Ra2 R8d7 24. h3 Qd8 25. Ra7 Qb8 26. Qa2 Bf8 27. Kh1
Qd8 28. Qe2 Qb8 29. Qa2 Qd8 30. b4 Qh4 31. f3 Bh6 32. Bxh6 Qxh6 33. Rxb7 Rd8
34. Rc7 Qe3 35. Qd2 Qa3 36. Kh2 Rf6 37. Qg5 Rfd6 38. Qe7 1-0

[Event "Bundesliga 9798"]
[Site "Deutschland"]
[Date "1998.??.??"]
[Round "?.1"]
[White "Lutz, Christopher"]
[Black "Dautov, Rustem"]
[Result "0-1"]
[WhiteElo "2590"]
[BlackElo "2595"]
[PlyCount "130"]
[EventDate "1997.10.??"]
[EventType "team"]
[EventRounds "15"]
[EventCountry "GER"]
[SourceTitle "Bundesliga 9798"]
[Source "DeepChess"]
[SourceDate "2005.01.01"]
[SourceVersion "1"]
[SourceVersionDate "2005.01.01"]
[SourceQuality "1"]
[WhiteTeam "SG Porz e.V."]
[BlackTeam "SC Anderssen St.Ingbert 1920 e.V."]
[WhiteTeamCountry "GER"]
[BlackTeamCountry "GER"]

1. e4 c6 2. d4 d5 3. e5 Bf5 4. Nf3 e6 5. Be2 Nd7 6. O-O Bg6 7. c3 Nh6 8. Re1
Nf5 9. Nbd2 Be7 10. b3 O-O 11. Bb2 c5 12. a3 Rc8 13. Rc1 a6 14. b4 cxd4 15.
cxd4 Nb6 16. Qb3 Qd7 17. b5 a5 18. Bc3 Ra8 19. Rf1 Rfc8 20. g4 Nh4 21. Nxh4
Bxh4 22. f4 Be7 23. Bb2 Rxc1 24. Rxc1 Rc8 25. Rxc8+ Qxc8 26. Qc3 Qxc3 27. Bxc3
a4 28. Bb2 Bc2 29. Kf2 f6 30. exf6 gxf6 31. Ke3 Bd6 32. h4 h6 33. Bf3 Kf7 34.
Be2 Nc8 35. Bf3 Ne7 36. h5 Nc8 37. Be2 Be7 38. Nf3 Nd6 39. Ne1 Bb3 40. Bc1 Bc4
41. b6 Bxe2 42. Kxe2 Nc4 43. Nd3 Nxb6 44. Nc5 Bxc5 45. dxc5 Nd7 46. f5 e5 47.
Bxh6 Nxc5 48. Bd2 Ne4 49. Ba5 b5 50. Be1 d4 51. Bb4 Nc3+ 52. Kd3 Nd5 53. Bd2 b4
54. axb4 a3 55. Kc2 e4 56. Bc1 Nxb4+ 57. Kd1 a2 58. Bb2 d3 59. g5 e3 60. h6 Nc2
61. g6+ Kf8 62. h7 e2+ 63. Kd2 e1=Q+ 64. Kxd3 Nb4+ 65. Kc4 Qh4+ 0-1

[Event "Bundesliga 9798"]
[Site "Deutschland"]
[Date "1998.??.??"]
[Round "?.2"]
[White "Giorgadze, Giorgi"]
[Black "Khalifman, Alexander"]
[Result "1-0"]
[WhiteElo "2625"]
[BlackElo "2655"]
[PlyCount "81"]
[EventDate "1997.10.??"]
[EventType "team"]
[EventRounds "15"]
[EventCountry "GER"]
[SourceTitle "Bundesliga 9798"]
[Source "DeepChess"]
[SourceDate "2005.01.01"]
[SourceVersion "1"]
[SourceVersionDate "2005.01.01"]
[SourceQuality "1"]
[WhiteTeam "SC Anderssen St.Ingbert 1920 e.V."]
[BlackTeam "SG Porz e.V."]
[WhiteTeamCountry "GER"]
[BlackTeamCountry "GER"]

1. d4 Nf6 2. c4 g6 3. Nc3 d5 4. Nf3 Bg7 5. Qa4+ Bd7 6. Qb3 dxc4 7. Qxc4 O-O 8.
e4 b5 9. Nxb5 Nxe4 10. Qxc7 Nc6 11. Bd3 Nb4 12. Bxe4 Bxb5 13. Qxd8 Raxd8 14.
Bd2 f5 15. Bxf5 Rxf5 16. Bxb4 Bxd4 17. Rd1 e5 18. Rd2 Bb6 19. Rxd8+ Bxd8 20.
Bc3 Bc7 21. Nd2 Rg5 22. Rg1 Bc6 23. g4 e4 24. h4 Rc5 25. Kd1 Bf4 26. Kc2 g5 27.
b4 Rxc3+ 28. Kxc3 gxh4 29. b5 Bb7 30. Nc4 h3 31. Ne3 h2 32. Rh1 Kf7 33. Kd2 Kg6
34. Ke2 Bc8 35. Kf1 Be6 36. Kg2 Bxe3 37. fxe3 Bxa2 38. Rc1 Bf7 39. Kxh2 Be8 40.
Rc5 h6 41. Kg3 1-0

[Event "Bundesliga 9798"]
[Site "Deutschland"]
[Date "1998.??.??"]
[Round "?.4"]
[White "Degraeve, Jean Marc"]
[Black "Hansen, Curt"]
[Result "1-0"]
[WhiteElo "2540"]
[BlackElo "2600"]
[PlyCount "91"]
[EventDate "1997.10.??"]
[EventType "team"]
[EventRounds "15"]
[EventCountry "GER"]
[SourceTitle "Bundesliga 9798"]
[Source "DeepChess"]
[SourceDate "2005.01.01"]
[SourceVersion "1"]
[SourceVersionDate "2005.01.01"]
[SourceQuality "1"]
[WhiteTeam "SC Anderssen St.Ingbert 1920 e.V."]
[BlackTeam "SG Porz e.V."]
[WhiteTeamCountry "GER"]
[BlackTeamCountry "GER"]

1. e4 e6 2. d4 d5 3. Nc3 Bb4 4. exd5 exd5 5. Bd3 Nc6 6. a3 Bxc3+ 7. bxc3 Nge7
8. Qh5 g6 9. Qf3 Bf5 10. Rb1 b6 11. Ne2 Qd7 12. O-O f6 13. Ng3 Bxd3 14. cxd3
Rf8 15. Re1 O-O-O 16. Rb2 h5 17. h4 Qg4 18. Qxg4+ hxg4 19. Rbe2 Rf7 20. Nf1 Nf5
21. g3 Ng7 22. Ne3 f5 23. Ng2 Rd6 24. Bf4 Rdd7 25. Bg5 Rd6 26. Nf4 Kd7 27. Bh6
Nd8 28. Re5 c6 29. Bxg7 Rxg7 30. Re8 a5 31. Rh8 Re7 32. Rxe7+ Kxe7 33. Rh6 Nf7
34. Rxg6 Rxg6 35. Nxg6+ Kf6 36. Ne5 Nxe5 37. dxe5+ Kxe5 38. d4+ Kf6 39. Kf1 c5
40. c4 cxd4 41. cxd5 b5 42. Ke2 b4 43. a4 Ke5 44. h5 Ke4 45. d6 b3 46. Kd2 1-0